Traité de prespective théorique et pratique / (Record no. 164462)

MARC details
000 -LEADER
campo de control de longitud fija 00636nam a2200181 i 4500
001 - NÚMERO DE CONTROL
campo de control 164462
003 - IDENTIFICADOR DE NÚMERO DE CONTROL
campo de control ES-MaACL
005 - FECHA Y HORA DE LA ÚLTIMA TRANSACCIÓN
campo de control 20230906212937.0
008 - DATOS DE LONGITUD FIJA--INFORMACIÓN GENERAL
campo de control de longitud fija 050829s1846 fr f | |||||||| ||fre d
040 ## - FUENTE DE CATALOGACIÓN
Centro catalogador/agencia de origen CAM
Lengua de catalogación spa
Centro/agencia transcriptor CAM
100 1# - ENTRADA PRINCIPAL--NOMBRE DE PERSONA
Nombre de persona Salme, L.
9 (RLIN) 132341
245 10 - MENCIÓN DEL TÍTULO
Título Traité de prespective théorique et pratique /
Mención de responsabilidad, etc. par L. Salme.
250 ## - MENCION DE EDICION
Mención de edición 3e éd.
260 ## - PUBLICACIÓN, DISTRIBUCIÓN, ETC.
Lugar de publicación, distribución, etc. Paris :
Nombre del editor, distribuidor, etc. chez L. Hachette, libraire de l'Université Royale de France,
Fecha de publicación, distribución, etc. 1846 (
Fabricante Imprimerie Panckoucke)
300 ## - DESCRIPCIÓN FÍSICA
Extensión 120 p., 6 h. de lám. pleg. ;
Dimensiones 19 cm.
650 04 - PUNTO DE ACCESO ADICIONAL DE MATERIA--TÉRMINO DE MATERIA
Término de materia o nombre geográfico como elemento de entrada Perspectiva.
9 (RLIN) 15981
852 ## - LOCALIZACIÓN
Ubicación ES-MaACL
Número de control de estantería D-2101
Nota libre -- Enc. hol.
-- -- Legado M. de la Fuente
Holdings
Estatus retirado Estado de pérdida Estado de daño No para préstamo Colección Biblioteca de origen Biblioteca actual Ubicación en estantería Fecha de adquisición Fuente de adquisición Total de préstamos Signatura topográfica completa Código de barras Visto por última vez Precio de reemplazo Tipo de ítem Koha
        Libros del s. XIX Biblioteca del Ateneo de Madrid Biblioteca del Ateneo de Madrid Sala Valle Inclán 17/01/2008     D-2101 901172391 23/02/2023 23/02/2023 Libro impreso antiguo